000 00755nam a22002177a 4500
003 OSt
005 20231005101231.0
008 221006b |||||||| |||| 00| 0 eng d
040 _cBiblioteca Lado V
082 _a704
_bF418c
110 _eeditor
_aFestival Africano Artístico de Imágenes virtuales (FAIVA)
245 _aCéremonie de thé/
_bInstructions/
260 _bBamako, Mali
_c2015
300 _c61x44cm
_a2p.
366 _eeng
650 _2Tesauro de Arte & Arquitectura
_aARTE
_9703
650 _2Tesauro de Arte & Arquitectura
_aFESTIVAL
_9702
650 _2Tesauro de Arte & Arquitectura
_aFESTIVAL ARTISTICO
_9702
650 _2Tesauro de Arte & Arquitectura
_aIMAGENES VIRTUALES
942 _2ddc
_c1
_h704
_iF418c
_n0
999 _c4485
_d4485